Deklination von celer, celeris, celere - Statistiken

Allgemein
  • Dieses Quiz wurde 10 mal gespielt
  • Das Durchschnittsergebnis liegt bei 24 aus 30
Antwortstatistiken
Hint Genus Antwort % Korrekt
Nom. m celer
100%
Nom. n celere
100%
Nom. f celeris
100%
Akk. n celere
86%
Akk. m celerem
86%
Akk. f celerem
86%
Nom. m celeres
86%
Nom. f celeres
86%
Dat. m celeri
86%
Abl. m celeri
86%
Dat. f celeri
86%
Abl. f celeri
86%
Dat. n celeri
86%
Abl. n celeri
86%
Gen. m celeris
86%
Gen. f celeris
86%
Gen. n celeris
86%
Akk. m celeres
71%
Akk. f celeres
71%
Nom. n celeria
71%
Akk. n celeria
71%
Dat. m celeribus
71%
Abl. m celeribus
71%
Dat. f celeribus
71%
Abl. f celeribus
71%
Dat. n celeribus
71%
Abl. n celeribus
71%
Gen. m celerium
71%
Gen. f celerium
71%
Gen. n celerium
71%
Keine übereinstimmenden Quizze gefunden
Verteilung der Resultate
Anzahl Personen mit jedem Resultat
Perzentil nach korrekt beantworteten Fragen
Ihre Resultats-Entwicklung
Sie haben dieses Quiz noch nicht gespielt